000 00654nam a2200229Ia 4500
999 _c44106
_d44106
003 GCL
005 20240530104019.0
008 140319s9999 xx 000 0 ara d
040 _aGCL /
_cGCL
082 0 4 _a155.455
_bش ط
100 1 _aشيفل ، ماريان
245 1 0 _aالطفل الموهوب فى الفصل العادى /
_cماريان شيفل
300 _a170 ص
490 _aالالف كتاب
_v0
650 0 4 _aالاطفال
650 0 4 _aالموهبة
650 0 4 _aالابداع الادبى
650 0 4 _aالطلبة الموهبون
700 1 _aرياض عسكر
700 1 _aاحمد زكى
942 _2ddc
_cBK